Statistics for Super Smash Bros. Characters (In Order)

Click here to take the quiz!

General Stats

  • This quiz has been taken 187 times
    (114 since last reset)
  • The average score is 78 of 88

Answer Stats

#AnswerSeries% Correct
1MarioSuper Mario
100%
2Donkey KongDonkey Kong
99%
6KirbyKirby
99%
9LuigiSuper Mario
99%
5YoshiYoshi
99%
3LinkThe Legend of Zelda
98%
8PikachuPokémon
98%
4Samus AranMetroid
98%
7Fox McCloudStar Fox
97%
13PeachSuper Mario
97%
Dark SamusMetroid
96%
12JigglypuffPokémon
96%
11Captain FalconF-Zero
95%
15Ice ClimbersIce Climber
95%
17ZeldaThe Legend of Zelda
95%
14BowserSuper Mario
94%
13εDaisySuper Mario
94%
10NessEarthBound/Mother
94%
16SheikThe Legend of Zelda
94%
26Mr. Game & WatchGame & Watch
92%
28εDark PitKid Icarus
91%
20Falco LombardiStar Fox
91%
27Meta KnightKirby
91%
28PitKid Icarus
91%
30WarioWario
91%
36Diddy KongDonkey Kong
89%
23GanondorfThe Legend of Zelda
89%
21MarthFire Emblem
89%
46Mega ManMega Man
89%
42R.O.B.R.O.B.
89%
31Solid SnakeMetal Gear
89%
38Sonic the HedgehogSonic the Hedgehog
89%
47Wii Fit TrainerWii Fit
89%
29Zero Suit SamusMetroid
89%
35Charizard (Pokémon Trainer)Pokémon
88%
59Duck HuntDuck Hunt
88%
39King DededeKirby
88%
49Little MacPunch-Out!!
88%
41LucarioPokémon
88%
37LucasEarthBound/Mother
88%
21εLucinaFire Emblem
88%
40OlimarPikmin
88%
55Pac-ManPac-Man
88%
19PichuPokémon
88%
44Wolf O'DonnellStar Fox
88%
22Young LinkThe Legend of Zelda
88%
63BayonettaBayonetta
87%
25εChromFire Emblem
87%
61Cloud StrifeFinal Fantasy
87%
18Dr. MarioSuper Mario
87%
32IkeFire Emblem
87%
34Ivysaur (Pokémon Trainer)Pokémon
87%
24MewtwoPokémon
87%
51Mii BrawlerMii
87%
53Mii GunnerMii
87%
25RoyFire Emblem
87%
60RyuStreet Fighter
87%
33Squirtle (Pokémon Trainer)Pokémon
87%
43Toon LinkThe Legend of Zelda
87%
45VillagerAnimal Crossing
87%
64InklingSplatoon
86%
60εKenStreet Fighter
86%
52Mii SwordfighterMii
86%
65RidleyMetroid
86%
73Banjo and KazooieBanjo-Kazooie
85%
50GreninjaPokémon
85%
67King K. RoolDonkey Kong
85%
54PalutenaKid Icarus
85%
57ShulkXenoblade
85%
66SimonCastlevania
85%
77SteveMinecraft
85%
68IsabelleAnimal Crossing
84%
71JokerPersona
84%
66εRichterCastlevania
84%
81SoraKingdom Hearts
84%
74Terry BogardFatal Fury
84%
72HeroDragon Quest
83%
48Rosalina & LumaSuper Mario
83%
78SephirothFinal Fantasy
83%
62CorrinFire Emblem
82%
69IncineroarPokémon
82%
76Min MinARMS
82%
79Pyra/MythraXenoblade
82%
56RobinFire Emblem
82%
58Bowser Jr.Super Mario
81%
75BylethFire Emblem
81%
70Piranha PlantSuper Mario
81%
80KazuyaTekken
79%

Score Distribution

Percentile by Number Answered

Percent of People with Each Score

Your Score History

You have not taken this quiz since the last reset